[Event "Titled Tuesday intern op 30th Apr Early"]
[Site "Chess.com INT"]
[Date "2024.04.30"]
[Round "6"]
[White "Montano Vicente, Guadalupe"]
[Black "Sisman, Gizem"]
[Result "1-0"]
[WhiteElo "1819"]
[BlackElo "1827"]
[PlyCount "87"]
[EventDate "2024.04.30"]
[EventType "swiss (blitz)"]
[EventRounds "11"]
[EventCountry "USA"]
[SourceTitle "CB19_2024"]
[SourceDate "2024.05.08"]
[SourceVersion "1"]
[SourceVersionDate "2024.05.08"]
[SourceQuality "1"]

1. d4 e6 2. c4 f5 3. Nc3 Nf6 4. g3 Be7 5. Bg2 0-0 6. Nf3 d6 7. 0-0 Ne4 8. Nd2 Nxc3 9. bxc3 e5 10. Nf3 e4 11. Ne1 c6 12. f3 d5 13. cxd5 cxd5 14. Qb3 Kh8 15. c4 Nc6 16. cxd5 Nxd4 17. Qc4 Bf6 18. Rb1 b5 19. Qc5 Nxe2+ 20. Kh1 Nxc1 21. Rxc1 a6 22. fxe4 fxe4 23. Bxe4 Bh3 24. Ng2 Rc8 25. Qb4 Be7 26. Qb3 Qd6 27. Rcd1 Bg4 28. Rc1 Bf6 29. Qd3 h6 30. Rxc8 Rxc8 31. Bf5 Rc3 32. Qe4 Be5 33. Bxg4 b4 34. Qf5 a5 35. Qf8+ Qxf8 36. Rxf8+ Kh7 37. Bf5+ g6 38. Rf7+ Bg7 39. Be4 a4 40. Nf4 b3 41. Bxg6+ Kg8 42. axb3 a3 43. Ra7 Rxb3 44. Ra8+ 1-0

[Event "Titled Tuesday intern op 30th Apr Early"]
[Site "Chess.com INT"]
[Date "2024.04.30"]
[Round "5"]
[White "Rohwer, Paul"]
[Black "Sisman, Gizem"]
[Result "1-0"]
[WhiteElo "2225"]
[BlackElo "1827"]
[PlyCount "43"]
[EventDate "2024.04.30"]
[EventType "swiss (blitz)"]
[EventRounds "11"]
[EventCountry "USA"]
[SourceTitle "CB19_2024"]
[SourceDate "2024.05.08"]
[SourceVersion "1"]
[SourceVersionDate "2024.05.08"]
[SourceQuality "1"]

1. e4 e6 2. Nf3 d5 3. e5 c5 4. b4 d4 5. bxc5 Bxc5 6. Bd3 Nc6 7. 0-0 Nge7 8. Be4 h6 9. c3 0-0 10. Qc2 Qa5 11. Bb2 Rd8 12. Rc1 b6 13. cxd4 Nxd4 14. Nxd4 Bxd4 15. Bxa8 Qxe5 16. Bxd4 Qxd4 17. Qc3 Qg4 18. Bf3 Qg6 19. Na3 Nf5 20. Qb4 Ba6 21. Rc7 Qg4 22. Qxg4 1-0

[Event "Titled Tuesday intern op 30th Apr Early"]
[Site "Chess.com INT"]
[Date "2024.04.30"]
[Round "10"]
[White "Sasvatha, A."]
[Black "Sisman, Gizem"]
[Result "1-0"]
[WhiteElo "1844"]
[BlackElo "1827"]
[PlyCount "105"]
[EventDate "2024.04.30"]
[EventType "swiss (blitz)"]
[EventRounds "11"]
[EventCountry "USA"]
[SourceTitle "CB19_2024"]
[SourceDate "2024.05.08"]
[SourceVersion "1"]
[SourceVersionDate "2024.05.08"]
[SourceQuality "1"]

1. e4 e6 2. Nf3 d5 3. exd5 exd5 4. d4 Nc6 5. Bd3 Bd6 6. 0-0 Nge7 7. Bg5 f6 8. Bh4 Bg4 9. c3 Qd7 10. Nbd2 0-0-0 11. Qc2 Kb8 12. Bg3 Rde8 13. h3 Bxg3 14. fxg3 Bh5 15. g4 Bg6 16. Rfe1 Bxd3 17. Qxd3 Ng6 18. Kh2 Qd6+ 19. Kg1 Nf4 20. Qf1 g5 21. Nb3 h5 22. gxh5 Rxh5 23. Nc5 Reh8 24. Re3 g4 25. Rae1 gxf3 26. Re8+ Rxe8 27. Rxe8+ Nd8 28. Qxf3 Rg5 29. Rxd8+ Qxd8 30. Qxf4 b6 31. Ne6 Qg8 32. Nxg5 fxg5 33. Qf5 c6 34. Qd7 Qg6 35. Kh2 Qf6 36. Qe8+ Kb7 37. Qe5 Qg6 38. Qe2 Qf5 39. g3 a5 40. Kg2 Kc7 41. Qe7+ Kc8 42. Qe8+ Kc7 43. Qe5+ Qxe5 44. dxe5 Kd7 45. h4 Ke6 46. h5 Kxe5 47. g4 c5 48. Kf2 b5 49. Ke2 b4 50. cxb4 axb4 51. Kd3 c4+ 52. Kd2 d4 53. b3 1-0

[Event "Titled Tuesday intern op 06th Feb Early"]
[Site "Chess.com INT"]
[Date "2024.02.06"]
[Round "5"]
[White "Sisman, Gizem"]
[Black "Dovzik, Juri"]
[Result "1-0"]
[WhiteElo "1754"]
[BlackElo "2235"]
[PlyCount "63"]
[EventDate "2024.02.06"]
[EventType "swiss (blitz)"]
[EventRounds "11"]
[EventCountry "USA"]
[SourceTitle "CB07_2024"]
[SourceDate "2024.02.14"]
[SourceVersion "1"]
[SourceVersionDate "2024.02.14"]
[SourceQuality "1"]

1. e4 a6 2. d4 b5 3. Bd3 e6 4. Qe2 c5 5. c3 Nf6 6. Be3 d6 7. Nd2 e5 8. dxe5 dxe5 9. h3 Nbd7 10. Ngf3 Bd6 11. Rd1 Qc7 12. Nf1 0-0 13. Ng3 g6 14. 0-0 Re8 15. Bc2 Nf8 16. Bg5 Kg7 17. Qe3 Ng8 18. Ne2 f6 19. Bh4 g5 20. Bg3 Ng6 21. Qd3 Bf8 22. Rfe1 Be6 23. b3 Rad8 24. Qe3 Nf4 25. Nd2 Ne7 26. Nf1 Neg6 27. Qc1 h5 28. Bxf4 gxf4 29. f3 Kf7 30. Qb2 c4 31. Nc1 Bc5+ 32. Kh1 1-0

[Event "Titled Tuesday intern op 06th Feb Early"]
[Site "Chess.com INT"]
[Date "2024.02.06"]
[Round "11"]
[White "Sisman, Gizem"]
[Black "Mikhaylova, Irina"]
[Result "0-1"]
[WhiteElo "1754"]
[BlackElo "2169"]
[PlyCount "90"]
[EventDate "2024.02.06"]
[EventType "swiss (blitz)"]
[EventRounds "11"]
[EventCountry "USA"]
[SourceTitle "CB07_2024"]
[SourceDate "2024.02.14"]
[SourceVersion "1"]
[SourceVersionDate "2024.02.14"]
[SourceQuality "1"]

1. e4 c5 2. Nc3 Nc6 3. Bb5 Nd4 4. Nf3 e6 5. 0-0 Ne7 6. Nxd4 cxd4 7. Ne2 Nc6 8. Bxc6 dxc6 9. d3 c5 10. f4 Be7 11. b3 0-0 12. Qe1 f5 13. e5 b6 14. Bd2 Bb7 15. Kh1 Kh8 16. Ng1 Rg8 17. Nf3 Qd5 18. Qe2 g6 19. Rae1 h6 20. h4 Kh7 21. Rf2 Rg7 22. Kh2 Rag8 23. Rh1 Qd8 24. Kg1 Bd5 25. Kf1 Rf7 26. Ke1 Kg7 27. Kd1 Kf8 28. g3 Ke8 29. Rg1 Qa8 30. Ne1 Kd7 31. Kc1 Rfg7 32. Nf3 Bxf3 33. Qxf3 Qxf3 34. Rxf3 g5 35. hxg5 hxg5 36. Rh1 gxf4 37. gxf4 Rg1+ 38. Rxg1 Rxg1+ 39. Kb2 Rg4 40. Rh3 Rh4 41. Rxh4 Bxh4 42. Kc1 b5 43. Kd1 Kc6 44. Ke2 Kd5 45. Be1 Bd8 0-1

[Event "Titled Tuesday intern op 06th Feb Early"]
[Site "Chess.com INT"]
[Date "2024.02.06"]
[Round "6"]
[White "Soraas, Torben"]
[Black "Sisman, Gizem"]
[Result "1-0"]
[WhiteElo "2121"]
[BlackElo "1754"]
[PlyCount "57"]
[EventDate "2024.02.06"]
[EventType "swiss (blitz)"]
[EventRounds "11"]
[EventCountry "USA"]
[SourceTitle "CB07_2024"]
[SourceDate "2024.02.14"]
[SourceVersion "1"]
[SourceVersionDate "2024.02.14"]
[SourceQuality "1"]

1. e4 e6 2. d4 d5 3. Nd2 h6 4. e5 c5 5. c3 Nc6 6. Ndf3 Nge7 7. Bd3 Nf5 8. Ne2 Qb6 9. 0-0 cxd4 10. cxd4 Be7 11. b3 Bd7 12. Be3 Nb4 13. Bb1 Bb5 14. a3 Nc6 15. Re1 Bxe2 16. Rxe2 Nxe3 17. Rxe3 Rc8 18. Ra2 a5 19. Rd2 0-0 20. a4 Rc7 21. h4 Rfc8 22. Qe2 Bf8 23. Kh2 Ne7 24. h5 Rc1 25. Qd3 g6 26. hxg6 Nxg6 27. Nh4 Rxb1 28. Nxg6 Rcc1 29. Nh4 1-0

[Event "Titled Tuesday intern op 16th Jan Early"]
[Site "Chess.com INT"]
[Date "2024.01.16"]
[Round "9"]
[White "Biriukov, Ilja"]
[Black "Sisman, Gizem"]
[Result "1-0"]
[WhiteElo "2311"]
[BlackElo "1754"]
[PlyCount "30"]
[EventDate "2024.01.16"]
[EventType "swiss (blitz)"]
[EventRounds "11"]
[EventCountry "USA"]
[SourceTitle "CB04_2024"]
[SourceDate "2023.10.16"]
[SourceVersion "1"]
[SourceVersionDate "2023.10.16"]
[SourceQuality "1"]

1. d4 e6 2. Nc3 f5 3. g4 fxg4 4. h3 g3 5. fxg3 Nf6 6. e4 Bb4 7. Bd3 b6 8. e5 Nd5 9. Qh5+ Kf8 10. Nge2 Qe7 11. Bg5 Qe8 12. 0-0+ Nf6 13. Qh4 Bb7 14. exf6 gxf6 15. Rxf6+ Kg8 1-0

[Event "Titled Tuesday intern op 16th Jan Early"]
[Site "Chess.com INT"]
[Date "2024.01.16"]
[Round "6"]
[White "Ruiz Aguilar, Pablo Alexander"]
[Black "Sisman, Gizem"]
[Result "1-0"]
[WhiteElo "2162"]
[BlackElo "1754"]
[PlyCount "89"]
[EventDate "2024.01.16"]
[EventType "swiss (blitz)"]
[EventRounds "11"]
[EventCountry "USA"]
[SourceTitle "CB04_2024"]
[SourceDate "2023.10.16"]
[SourceVersion "1"]
[SourceVersionDate "2023.10.16"]
[SourceQuality "1"]

1. e4 e6 2. d4 d5 3. e5 c5 4. c3 Nc6 5. Nf3 Bd7 6. Be2 Nge7 7. Na3 cxd4 8. cxd4 Nf5 9. Nc2 Qb6 10. 0-0 Na5 11. g4 Ne7 12. b4 Nc4 13. a4 Rc8 14. Bg5 h6 15. Bd2 Nxd2 16. Qxd2 Ng6 17. Rfc1 Be7 18. a5 Qd8 19. b5 0-0 20. a6 b6 21. Nb4 Bxb4 22. Qxb4 Qe7 23. Qxe7 Nxe7 24. Bd3 Ng6 25. Bf1 f6 26. exf6 Rxf6 27. Ne5 Nxe5 28. Rxc8+ Bxc8 29. dxe5 Rf4 30. h3 Bd7 31. Rc1 Rb4 32. Rc7 Bxb5 33. Bxb5 Rxb5 34. Rxa7 Ra5 35. f4 b5 36. f5 exf5 37. e6 b4 38. Ra8+ Kh7 39. e7 Ra1+ 40. Kf2 b3 41. e8Q b2 42. Qg8+ Kg6 43. Qe6+ Kg5 44. Qxf5+ Kh4 45. Qh5# 1-0

[Event "Titled Tuesday intern op 16th Jan Early"]
[Site "Chess.com INT"]
[Date "2024.01.16"]
[Round "7"]
[White "Sisman, Gizem"]
[Black "Samaganova, Alexandra"]
[Result "0-1"]
[WhiteElo "1754"]
[BlackElo "1884"]
[PlyCount "106"]
[EventDate "2024.01.16"]
[EventType "swiss (blitz)"]
[EventRounds "11"]
[EventCountry "USA"]
[SourceTitle "CB04_2024"]
[SourceDate "2023.10.16"]
[SourceVersion "1"]
[SourceVersionDate "2023.10.16"]
[SourceQuality "1"]

1. e4 c5 2. Nc3 e6 3. Nge2 a6 4. g3 b5 5. Bg2 Bb7 6. d4 cxd4 7. Nxd4 Qc7 8. 0-0 Nc6 9. Re1 Be7 10. Nd5 Qd8 11. Nxe7 Ngxe7 12. Qg4 0-0 13. Nxc6 Bxc6 14. Bh6 Ng6 15. Bg5 Qb6 16. h4 f5 17. exf5 Bxg2 18. Be3 Qb7 19. fxg6 hxg6 20. Rad1 Bf3 21. Qxg6 Rf6 22. Qd3 Bh1 23. Qf1 Raf8 24. Rd2 Bf3 25. c3 d5 26. Bd4 R6f7 27. Rxe6 Qd7 28. Qe1 Be4 29. Rxe4 dxe4 30. Qxe4 Qh3 31. Qg2 Qg4 32. Qf1 Qf5 33. Rd1 Qg4 34. Re1 Rf3 35. Qe2 Qf5 36. Qe6+ Qxe6 37. Rxe6 Rd3 38. Re2 Rd1+ 39. Kg2 Rf7 40. g4 Kh7 41. Kg3 Ra1 42. a3 Rg1+ 43. Kh3 Rd1 44. h5 Rd3+ 45. Kg2 Rd1 46. Kh3 Rd3+ 47. Kg2 Rf4 48. f3 Rfxf3 49. Re7 Rg3+ 50. Kf2 Rxg4 51. Ke2 Rh3 52. h6 Rxh6 53. a4 Rh3 0-1

[Event "Titled Tuesday intern op 09th Jan Early"]
[Site "Chess.com INT"]
[Date "2024.01.09"]
[Round "4"]
[White "Mesquita, Eduardo Barbosa"]
[Black "Sisman, Gizem"]
[Result "1-0"]
[WhiteElo "1948"]
[BlackElo "1754"]
[PlyCount "71"]
[EventDate "2024.01.09"]
[EventType "swiss (blitz)"]
[EventRounds "11"]
[EventCountry "USA"]
[SourceTitle "CB03_2024"]
[SourceDate "2024.01.17"]
[SourceVersion "1"]
[SourceVersionDate "2024.01.17"]
[SourceQuality "1"]

1. e4 e6 2. d4 d5 3. e5 c5 4. c3 Nc6 5. Nf3 Bd7 6. Bd3 Rc8 7. dxc5 Bxc5 8. b4 Bb6 9. 0-0 Nge7 10. a4 Ng6 11. a5 Bc7 12. Bxg6 hxg6 13. Re1 f6 14. Qd3 Kf7 15. Bf4 g5 16. Bg3 g4 17. Nh4 f5 18. Nxf5 exf5 19. Nd2 Be6 20. Nb3 b6 21. axb6 axb6 22. b5 Na5 23. Nd4 Qe7 24. f4 g5 25. Nxf5 Bxf5 26. Qxf5+ Kg7 27. fxg5 Rcf8 28. Qxg4 Nc4 29. Qd4 Qe6 30. Ra7 Rf7 31. g6 Kxg6 32. h3 Rhf8 33. Kh2 Kg7 34. Qh4 Qg6 35. Rxc7 Rxc7 36. e6 1-0

[Event "Titled Tuesday intern op 19th Dec Early"]
[Site "Chess.com INT"]
[Date "2023.12.19"]
[Round "10"]
[White "Pein, Jonathan"]
[Black "Sisman, Gizem"]
[Result "1-0"]
[WhiteElo "2273"]
[BlackElo "1754"]
[PlyCount "97"]
[EventDate "2023.12.19"]
[EventType "swiss (blitz)"]
[EventRounds "11"]
[EventCountry "USA"]
[SourceTitle "CB52_2023"]
[SourceDate "2023.12.27"]
[SourceVersion "1"]
[SourceVersionDate "2023.12.27"]
[SourceQuality "1"]

1. b3 e5 2. Bb2 Nc6 3. e3 Bd6 4. d4 Nf6 5. Nf3 e4 6. Nfd2 0-0 7. c4 Be7 8. Nc3 d6 9. Ncxe4 Bf5 10. Ng3 Bg6 11. a3 h5 12. Be2 h4 13. Nh5 d5 14. Nf4 Bf5 15. h3 Re8 16. Bf3 dxc4 17. bxc4 g5 18. Nd5 Nxd5 19. Bxd5 Bf6 20. Qf3 Bg6 21. 0-0 Rb8 22. Ne4 Bg7 23. Bc3 Ne7 24. Nxg5 Nxd5 25. Qxd5 Qxd5 26. cxd5 Bf6 27. Nf3 Red8 28. Rfe1 Rxd5 29. e4 Rdd8 30. Rac1 Bh5 31. d5 Be7 32. Nd4 Bxa3 33. Rb1 b6 34. Nc6 Bc5 35. Bf6 Re8 36. Nxb8 Rxb8 37. Bxh4 Re8 38. g4 Bg6 39. Rb2 Bxe4 40. Rbe2 f5 41. gxf5 Be7 42. Rxe4 Bxh4 43. Rxe8+ Kf7 44. R8e6 a5 45. Rc1 Bd8 46. d6 c5 47. Rb1 a4 48. Kf1 a3 49. Ra1 1-0

[Event "Titled Tuesday intern op 19th Dec Early"]
[Site "Chess.com INT"]
[Date "2023.12.19"]
[Round "7"]
[White "Sisman, Gizem"]
[Black "De Souza, Cristiano Gomes"]
[Result "0-1"]
[WhiteElo "1754"]
[BlackElo "2018"]
[PlyCount "92"]
[EventDate "2023.12.19"]
[EventType "swiss (blitz)"]
[EventRounds "11"]
[EventCountry "USA"]
[SourceTitle "CB52_2023"]
[SourceDate "2023.12.27"]
[SourceVersion "1"]
[SourceVersionDate "2023.12.27"]
[SourceQuality "1"]

1. e4 c5 2. Nc3 d6 3. d4 cxd4 4. Qxd4 Nf6 5. b3 Nc6 6. Qd2 g6 7. Bb2 Bg7 8. 0-0-0 0-0 9. f3 Be6 10. Nge2 a5 11. h4 h5 12. Kb1 b5 13. Nf4 b4 14. Na4 Bd7 15. g4 e5 16. Nd5 Nxd5 17. Qxd5 Ne7 18. Qxd6 Bxa4 19. bxa4 Qxd6 20. Rxd6 hxg4 21. fxg4 Rfd8 22. Rxd8+ Rxd8 23. Bd3 Nc6 24. Rf1 Nd4 25. Bc4 Rd7 26. g5 Bf8 27. Rf6 Kg7 28. Ra6 Bd6 29. Rxa5 Nf3 30. Rb5 Nd2+ 31. Kc1 Nxc4 32. a5 Ra7 33. c3 Rxa5 34. Rb7 bxc3 35. Bxc3 Rxa2 36. Kb1 Rh2 37. Rd7 Rxh4 38. Kc2 Rxe4 39. Kd3 Rg4 40. Rxd6 Nxd6 41. Bxe5+ Kg8 42. Bxd6 Rxg5 43. Ke3 Rd5 44. Bf4 f5 45. Kf3 Kf7 46. Bg5 Ke6 0-1

[Event "Titled Tuesday intern op 19th Dec Early"]
[Site "Chess.com INT"]
[Date "2023.12.19"]
[Round "3"]
[White "Sisman, Gizem"]
[Black "Podlozniy, Pavel"]
[Result "1-0"]
[WhiteElo "1754"]
[BlackElo "2224"]
[PlyCount "55"]
[EventDate "2023.12.19"]
[EventType "swiss (blitz)"]
[EventRounds "11"]
[EventCountry "USA"]
[SourceTitle "CB52_2023"]
[SourceDate "2023.12.27"]
[SourceVersion "1"]
[SourceVersionDate "2023.12.27"]
[SourceQuality "1"]

1. e4 e6 2. d4 d5 3. Nc3 dxe4 4. Nxe4 Nd7 5. Bd3 Ngf6 6. Qe2 Be7 7. Nf3 0-0 8. Ng3 c5 9. c3 a6 10. 0-0 b5 11. Rd1 Qc7 12. dxc5 Nxc5 13. Bc2 Bb7 14. Be3 Nd5 15. Bd4 Nf4 16. Qe3 f6 17. Qe1 e5 18. Be3 Bxf3 19. gxf3 Nce6 20. Nf5 Rfd8 21. Nxe7+ Qxe7 22. Bb3 Kh8 23. Qf1 Qe8 24. Re1 Qg6+ 25. Kh1 Qh5 26. Bd1 Rxd1 27. Bxf4 Qxf3+ 28. Qg2 1-0

[Event "Titled Tuesday intern op 12th Dec Early"]
[Site "Chess.com INT"]
[Date "2023.12.12"]
[Round "2"]
[White "Hoffmann, Asa"]
[Black "Sisman, Gizem"]
[Result "1-0"]
[WhiteElo "2185"]
[BlackElo "1754"]
[PlyCount "133"]
[EventDate "2023.12.12"]
[EventType "swiss (blitz)"]
[EventRounds "11"]
[EventCountry "USA"]
[SourceTitle "CB51_2023"]
[SourceDate "2023.12.20"]
[SourceVersion "1"]
[SourceVersionDate "2023.12.20"]
[SourceQuality "1"]

1. d4 e6 2. e4 d5 3. e5 c5 4. Nf3 Nc6 5. Bd3 cxd4 6. 0-0 Bd7 7. Bf4 Nb4 8. Nxd4 Nxd3 9. Qxd3 Ne7 10. Nd2 Qb6 11. c3 Nc6 12. N2f3 Nxd4 13. Nxd4 Bc5 14. Rab1 Bxd4 15. Qxd4 Qxd4 16. cxd4 Rc8 17. Rfc1 Ke7 18. Kf1 Bb5+ 19. Ke1 Kd7 20. Rc3 Rc4 21. Be3 Rhc8 22. Kd2 Ba6 23. f4 g6 24. g4 Ke7 25. h4 Kd7 26. Rh1 Rxc3 27. bxc3 Rc4 28. h5 Ra4 29. hxg6 hxg6 30. Rh7 Ke8 31. f5 gxf5 32. gxf5 Rxa2+ 33. Kc1 Bd3 34. Rh8+ Kd7 35. Rf8 Ke7 36. Rb8 Bxf5 37. Rxb7+ Ke8 38. Bg5 Rc2+ 39. Kd1 Rxc3 40. Rxa7 Rd3+ 41. Ke2 Rxd4 42. Re7+ Kf8 43. Bf6 Bg6 44. Ra7 Bh5+ 45. Ke3 Re4+ 46. Kd3 Kg8 47. Ra8+ Kh7 48. Rf8 Ra4 49. Ke3 Rc4 50. Kf2 Ra4 51. Kg3 Rc4 52. Kh3 Ra4 53. Rc8 Rc4 54. Rd8 Ra4 55. Kg3 Rc4 56. Kf2 Kg6 57. Rg8+ Kf5 58. Rg5+ Kf4 59. Rxh5 d4 60. Ke2 Rc3 61. Rh4+ Kg3 62. Rxd4 Ra3 63. Rd7 Ra2+ 64. Kd3 Ra3+ 65. Kc4 Ra4+ 66. Kc5 Ra5+ 67. Kc6 1-0

[Event "TUR-ch (Women)"]
[Site "Konya"]
[Date "2009.07.11"]
[Round "3"]
[White "Kaplan, Ebru"]
[Black "Sisman, Gizem"]
[Result "1/2-1/2"]
[WhiteElo "1790"]
[BlackElo "1917"]
[PlyCount "152"]
[EventDate "2009.07.09"]
[EventType "swiss"]
[EventRounds "9"]
[EventCountry "TUR"]
[SourceTitle "CBM 131 Extra"]
[Source "ChessBase"]
[SourceDate "2009.09.03"]
[SourceVersion "2"]
[SourceVersionDate "2009.09.16"]
[SourceQuality "1"]

1. d4 d5 2. g3 Nf6 3. Bg2 Bf5 4. Nf3 h6 5. b3 e6 6. 0-0 Be7 7. Nbd2 0-0 8. c4 Nbd7 9. Bb2 Re8 10. Ne5 c6 11. Nxd7 Nxd7 12. e4 dxe4 13. Nxe4 Nf6 14. Qe2 Nxe4 15. Bxe4 Bxe4 16. Qxe4 Bf6 17. Rfd1 Qb6 18. Bc1 Red8 19. Be3 Qa5 20. Qg4 Kh8 21. Rd3 Rd7 22. Qe2 Rad8 23. Rad1 a6 24. Qd2 Qxd2 25. R3xd2 h5 26. Kg2 b5 27. cxb5 cxb5 28. Kf3 Rd5 29. Ke4 Rc8 30. f4 g6 31. Kd3 Be7 32. Rc2 Rxc2 33. Kxc2 Rd7 34. Kd3 Rc7 35. Rc1 Rxc1 36. Bxc1 Bd6 37. d5 Kg7 38. dxe6 fxe6 39. Bb2+ Kf7 40. Be5 Bc5 41. Ke4 Ke7 42. Bb8 Bb4 43. Kd4 Kf6 44. Ke4 Be1 45. Ba7 Bd2 46. Bd4+ Ke7 47. Ke5 Bb4 48. h3 Bd6+ 49. Ke4 Kd7 50. g4 hxg4 51. hxg4 Kc6 52. Be5 Bb4 53. Bf6 Bd2 54. Ke5 Kd7 55. Bg5 Bc3+ 56. Ke4 Kd6 57. Bd8 b4 58. Ba5 Kc5 59. a3 Kb5 60. axb4 Bb2 61. f5 exf5+ 62. gxf5 gxf5+ 63. Kxf5 Bc3 64. Ke4 Bxb4 65. Bc7 Bc3 66. Kd3 Bf6 67. Bd6 Bd8 68. Bf8 Ba5 69. Kc2 Be1 70. Be7 a5 71. Bf8 Kc6 72. Kb2 Bb4 73. Bg7 Kd5 74. Bf6 Ke4 75. Bd8 Kd3 76. Bxa5 Ke4 1/2-1/2

[Event "TUR-ch (Women)"]
[Site "Konya"]
[Date "2009.07.10"]
[Round "2"]
[White "Sisman, Gizem"]
[Black "Menzi, Nezihe Ezgi"]
[Result "1-0"]
[WhiteElo "1917"]
[BlackElo "1723"]
[PlyCount "111"]
[EventDate "2009.07.09"]
[EventType "swiss"]
[EventRounds "9"]
[EventCountry "TUR"]
[SourceTitle "CBM 131 Extra"]
[Source "ChessBase"]
[SourceDate "2009.09.03"]
[SourceVersion "2"]
[SourceVersionDate "2009.09.16"]
[SourceQuality "1"]

1. d4 Nf6 2. Bg5 g6 3. Bxf6 exf6 4. Nf3 Bg7 5. e3 0-0 6. Bd3 Nc6 7. 0-0 d5 8. c4 Ne7 9. Nc3 c6 10. Qb3 Rb8 11. cxd5 Nxd5 12. Nxd5 cxd5 13. Rac1 Be6 14. Rc3 Qd7 15. Bb5 Qd6 16. Rfc1 Rfc8 17. Be2 Qd7 18. Ne1 Rxc3 19. Rxc3 Rc8 20. Bf3 Rxc3 21. Qxc3 Qc6 22. Nd3 Bf8 23. g3 Bd6 24. Qb3 g5 25. Kf1 Bf5 26. Be2 a5 27. Qc3 Qxc3 28. bxc3 b6 29. Ke1 Kf8 30. Kd2 Ke7 31. f3 Kd7 32. Kc2 b5 33. Kb3 a4+ 34. Kb2 Kc6 35. Nf2 Be6 36. e4 f5 37. Bd3 a3+ 38. Kb1 dxe4 39. fxe4 fxe4 40. Bxe4+ Bd5 41. Bxh7 b4 42. Ne4 Bxe4+ 43. Bxe4+ Kb5 44. Bd3+ Kc6 45. c4 Bc7 46. Kc2 Kb6 47. Kb3 Ka5 48. c5 Bd8 49. d5 Bf6 50. d6 Be5 51. d7 Bc7 52. h4 gxh4 53. gxh4 f5 54. h5 f4 55. h6 f3 56. h7 1-0

[Event "TUR-ch (Women)"]
[Site "Kusadasi"]
[Date "2004.03.04"]
[Round "6"]
[White "Sisman, Gizem"]
[Black "Meseli, Perihan"]
[Result "1-0"]
[WhiteElo "1969"]
[BlackElo "1994"]
[PlyCount "47"]
[EventDate "2004.02.29"]
[EventType "swiss"]
[EventRounds "9"]
[EventCountry "TUR"]
[SourceTitle "CBM 099 Extra"]
[Source "ChessBase"]
[SourceDate "2004.05.04"]
[SourceVersion "1"]
[SourceVersionDate "2004.05.04"]
[SourceQuality "1"]

1. g3 d5 2. Bg2 f5 3. d4 e6 4. Nf3 Nf6 5. Bg5 Be7 6. Nbd2 Ne4 7. Bxe7 Qxe7 8. Ne5 Qb4 9. e3 Qxb2 10. Nxe4 fxe4 11. Qh5+ g6 12. Nxg6 Qxa1+ 13. Ke2 Qxa2 14. Nxh8+ Kd8 15. Qg5+ Kd7 16. Rc1 Nc6 17. Qg7+ Ne7 18. Bh3 Qa3 19. Kd1 Qa6 20. Qxh7 b5 21. Ng6 Qa3 22. Qf7 Kd8 23. Qf8+ Kd7 24. Ne5+ 1-0

[Event "Tbilisi zt (Women)"]
[Site "Tbilisi"]
[Date "1999.??.??"]
[Round "6"]
[White "Sanli, Emine"]
[Black "Sisman, Gizem"]
[Result "1/2-1/2"]
[WhiteElo "2050"]
[BlackElo "2050"]
[PlyCount "22"]
[EventDate "1999.05.07"]
[EventType "swiss"]
[EventRounds "9"]
[EventCountry "GEO"]
[SourceTitle "EXT 2001"]
[Source "ChessBase"]
[SourceDate "2000.11.22"]
[SourceVersion "1"]
[SourceVersionDate "2000.11.22"]
[SourceQuality "1"]

1. d4 Nf6 2. c4 g6 3. Nc3 Bg7 4. Nf3 0-0 5. e4 d6 6. Be2 Bg4 7. 0-0 Nc6 8. h3 Bxf3 9. Bxf3 Nd7 10. Be3 e5 11. d5 Ne7 1/2-1/2

[Event "Tbilisi zt (Women)"]
[Site "Tbilisi"]
[Date "1999.??.??"]
[Round "2"]
[White "Sisman, Gizem"]
[Black "Khorava, Miranda"]
[Result "0-1"]
[WhiteElo "2050"]
[BlackElo "2210"]
[PlyCount "52"]
[EventDate "1999.05.07"]
[EventType "swiss"]
[EventRounds "9"]
[EventCountry "GEO"]
[SourceTitle "EXT 2001"]
[Source "ChessBase"]
[SourceDate "2000.11.22"]
[SourceVersion "1"]
[SourceVersionDate "2000.11.22"]
[SourceQuality "1"]

1. d4 Nf6 2. Nf3 e6 3. Bg5 Be7 4. e3 b6 5. Nbd2 Bb7 6. Bd3 d5 7. 0-0 Nbd7 8. c4 0-0 9. cxd5 exd5 10. Rc1 c5 11. dxc5 bxc5 12. Bb1 h6 13. Bh4 Rc8 14. Nb3 Ne4 15. Bxe7 Qxe7 16. Bxe4 dxe4 17. Nfd2 Ne5 18. Qh5 Nd3 19. Rc3 Rfd8 20. Nc4 Rd5 21. Qe2 Ba6 22. Rb1 Rcd8 23. h3 Rf5 24. Rf1 Ne5 25. Nba5 Nf3+ 26. Kh1 Rd2 0-1

[Event "Tbilisi zt (Women)"]
[Site "Tbilisi"]
[Date "1999.??.??"]
[Round "5"]
[White "Sisman, Gizem"]
[Black "Tsurtsumia, Natia"]
[Result "0-1"]
[WhiteElo "2050"]
[BlackElo "2122"]
[PlyCount "55"]
[EventDate "1999.05.07"]
[EventType "swiss"]
[EventRounds "9"]
[EventCountry "GEO"]
[SourceTitle "EXT 2001"]
[Source "ChessBase"]
[SourceDate "2000.11.22"]
[SourceVersion "1"]
[SourceVersionDate "2000.11.22"]
[SourceQuality "1"]

1. d4 Nf6 2. Nf3 e6 3. Bg5 Be7 4. Nbd2 d5 5. c3 b6 6. e3 0-0 7. Bd3 Bb7 8. 0-0 Nbd7 9. Re1 Ne4 10. Bxe7 Qxe7 11. Qc2 f5 12. c4 c6 13. Qb3 g5 14. Nf1 Rab8 15. Rac1 Kh8 16. Ng3 g4 17. Bxe4 fxe4 18. Ne5 Nxe5 19. dxe5 Qf7 20. Rf1 Ba6 21. Qc2 Bxc4 22. Ne2 c5 23. b3 Bd3 24. Qd2 Rb7 25. f4 gxf3 26. gxf3 exf3 27. Qxd3 f2+ 28. Kh1 0-1